000 00410nam a2200181Ia 4500
001 2766
005 20260306144831.0
008 260306t2016||||xx |||||||||||||| ||spa||
041 _aESP
082 _a227
_bC12
100 _aCaballero, Juan Luis
_eAUT
245 0 _aEscritos paulinos
260 _c2016
300 _a203 páginas :
_c24 cm.
650 _aGEN
654 _aCHU
942 _cLIB
_dJUS
_fJUS
_2ddc
_n
999 _c2766
_d2766